| 000 | 00363nam a2200121 a 4500 | ||
|---|---|---|---|
| 001 | 000043202 | ||
| 005 | 20201002040722.0 | ||
| 008 | 140225s1983 dr 000 0 spa d | ||
| 040 |
_aDO-SdBNP _bspa _cBNPHU |
||
| 245 | 0 | 0 | _aEstudio de base del sector energía. |
| 260 |
_aSanto Domingo : _bSecretariado Técnico de la Presidencia, _c1983. |
||
| 300 |
_a122 p. ; _c27 cm. |
||
| 999 |
_c42691 _d42691 |
||